000 00912nam a22002057a 4500
005 20230911123506.0
010 _aHIN-125811
020 _c175.00
_a9788195124145
035 _aHN-98157
037 _bDBAD/PUB
082 _a
100 _aत्रिवेणी सिंह
_956213
245 _aअदृश्य जाल/
_cत्रिवेणी सिंह, अमित दुबे
260 _aदिल्ली
_bअनबाउन्ड स्क्रिप्ट
_c2021
270 _aएच-604 ,प्लॉट नं.-49 इन्द्रप्रस्थ एक्सटेंशन
_bदिल्ली
_e110092
300 _a97पृ.
_c20 सेमी.(अजिल्द)
500 _aसाइबर क्राइम की सचची कहानिया
700 _aअमित दुबे
_956209
942 _2ddc
_cHN
_mत्रिवेणी
_h
999 _c197847
_d197847